[Event "Mumbai One Wealth op"]
[Site "Mumbai"]
[Date "2024.02.07"]
[Round "3"]
[White "Gogri, Vedaant"]
[Black "Kulkarni, Vikramaditya"]
[Result "0-1"]
[WhiteElo "1229"]
[BlackElo "2193"]
[PlyCount "70"]
[EventDate "2024.02.05"]
[EventType "swiss"]
[EventRounds "7"]
[EventCountry "IND"]
[SourceTitle "CB08_2024"]
[SourceDate "2024.02.21"]
[SourceVersion "1"]
[SourceVersionDate "2024.02.21"]
[SourceQuality "1"]

1. e4 g5 2. d4 g4 3. Nc3 h5 4. Bc4 c6 5. a4 d5 6. exd5 cxd5 7. Bxd5 Nc6 8. Nge2 Bg7 9. Be3 Nb4 10. Bb3 b6 11. Nf4 Bb7 12. d5 Kf8 13. Bd4 Nf6 14. Be5 Rc8 15. 0-0 Kg8 16. Re1 Rh6 17. Bxf6 Bxf6 18. Nxh5 Bxc3 19. bxc3 Nxd5 20. Bxd5 Qxd5 21. Qxd5 Bxd5 22. Nf4 Bc6 23. Rxe7 a5 24. Re3 Kf8 25. Nd3 Rd6 26. h3 Be8 27. Nf4 Rc4 28. Nd3 Rxc3 29. Re4 gxh3 30. Rh4 hxg2 31. Rh8+ Ke7 32. Kxg2 Rxc2 33. Re1+ Re6 34. Rxe6+ fxe6 35. Rh7+ Kd6 0-1

[Event "Mumbai Transganization op"]
[Site "Mumbai"]
[Date "2024.01.27"]
[Round "5"]
[White "Kulkarni, Vikramaditya"]
[Black "Arnav, Mahesh Koli"]
[Result "0-1"]
[WhiteElo "2193"]
[BlackElo "1755"]
[PlyCount "90"]
[EventDate "2024.01.25"]
[EventType "swiss"]
[EventRounds "8"]
[EventCountry "IND"]
[SourceTitle "CB06_2024"]
[SourceDate "2024.02.07"]
[SourceVersion "1"]
[SourceVersionDate "2024.02.07"]
[SourceQuality "1"]

1. e4 c5 2. Nf3 d6 3. Bb5+ Bd7 4. c4 e5 5. Bxd7+ Qxd7 6. d3 Nc6 7. Nc3 h6 8. Nd5 g6 9. Qa4 Rb8 10. a3 Bg7 11. b4 b6 12. Rb1 Nge7 13. bxc5 dxc5 14. h4 f5 15. h5 g5 16. Nxe7 Kxe7 17. exf5 Rbc8 18. Nd2 Qxd3 19. Rh3 Qxf5 20. Rbb3 g4 21. Rhg3 Rhd8 22. Rbe3 Rd7 23. Qd1 Rd4 24. Bb2 Rf8 25. Qe2 Rf4 26. Re4 Kd8 27. Rxf4 exf4 28. Rd3+ Bd4 29. Kd1 Re8 30. Qf1 Kc8 31. Bxd4 Nxd4 32. Nb3 Nc6 33. Kd2 Ne5 34. Rd5 Qe4 35. Kc3 Nc6 36. Qd1 Qxg2 37. Nd2 Qh3+ 38. Kb2 Qh4 39. Rd6 Kc7 40. Rg6 Qxf2 41. Kb3 Qe3+ 42. Ka4 Qc3 43. Rxc6+ Kxc6 44. Qxg4 Qc2+ 45. Nb3 Qxc4# 0-1

[Event "Mumbai Transganization op"]
[Site "Mumbai"]
[Date "2024.01.27"]
[Round "6"]
[White "Shah, Veer Kunjan"]
[Black "Kulkarni, Vikramaditya"]
[Result "0-1"]
[WhiteElo "1363"]
[BlackElo "2193"]
[PlyCount "148"]
[EventDate "2024.01.25"]
[EventType "swiss"]
[EventRounds "8"]
[EventCountry "IND"]
[SourceTitle "CB06_2024"]
[SourceDate "2024.02.07"]
[SourceVersion "1"]
[SourceVersionDate "2024.02.07"]
[SourceQuality "1"]

1. d4 Nf6 2. c4 e6 3. g3 e5 4. dxe5 Ng4 5. Nf3 Nc6 6. Bf4 Bc5 7. e3 Bb4+ 8. Nc3 Qe7 9. Bg5 Bxc3+ 10. bxc3 Qa3 11. Qb3 Qa5 12. Bg2 Ngxe5 13. Nxe5 Nxe5 14. 0-0 0-0 15. Qb5 Qxb5 16. cxb5 Nc4 17. h4 d6 18. a4 a6 19. h5 h6 20. Bf4 axb5 21. axb5 Bd7 22. Rxa8 Rxa8 23. Bxb7 Ra3 24. Bd5 Rxc3 25. Rd1 Bxb5 26. Be4 Nb6 27. Rb1 Bd3 28. Bxd3 Rxd3 29. e4 Kf8 30. Rc1 c5 31. e5 dxe5 32. Bxe5 Nd7 33. Bf4 Rd5 34. Re1 f6 35. Kg2 Kf7 36. g4 Ne5 37. Kg3 Rd3+ 38. Be3 Nc4 39. Kf4 Nxe3 40. fxe3 Ke6 41. Ke4 Ra3 42. Rc1 Ra4+ 43. Kd3 Rxg4 44. Rxc5 Rg5 45. Rc7 Kf5 46. e4+ Kg4 47. Ke3 Kxh5 48. Kf4 Kg6 49. Rc1 h5 50. Rh1 Rg4+ 51. Kf3 Kg5 52. Rb1 Rf4+ 53. Ke3 Rh4 54. Rg1+ Rg4 55. Rb1 Rg3+ 56. Kf2 h4 57. Rb5+ Kf4 58. Rb4 Rf3+ 59. Kg2 h3+ 60. Kh2 Re3 61. Rb7 g5 62. Rb6 Re2+ 63. Kh1 Ke5 64. Ra6 Rxe4 65. Kh2 Re3 66. Ra8 g4 67. Ra5+ Kf4 68. Ra4+ Re4 69. Ra1 Re2+ 70. Kh1 f5 71. Rb1 g3 72. Ra1 Kg4 73. Kg1 h2+ 74. Kh1 Kh3 0-1

[Event "Mumbai Transganization op"]
[Site "Mumbai"]
[Date "2024.01.25"]
[Round "1"]
[White "Kulkarni, Vikramaditya"]
[Black "Jojo, KL."]
[Result "1-0"]
[WhiteElo "2193"]
[BlackElo "1220"]
[PlyCount "73"]
[EventDate "2024.01.25"]
[EventType "swiss"]
[EventRounds "8"]
[EventCountry "IND"]
[SourceTitle "CB06_2024"]
[SourceDate "2024.02.07"]
[SourceVersion "1"]
[SourceVersionDate "2024.02.07"]
[SourceQuality "1"]

1. d4 Nf6 2. Bg5 d5 3. e3 h6 4. Bxf6 exf6 5. Nf3 Bg4 6. Nbd2 Bb4 7. c3 Bd6 8. Qb3 c6 9. Qxb7 Nd7 10. Qxc6 0-0 11. Qxd6 Rb8 12. b4 Qc8 13. Rc1 Nb6 14. Bd3 Na4 15. 0-0 Rd8 16. Qf4 Bh5 17. Qf5 Bg6 18. Qxc8 Rdxc8 19. Bxg6 fxg6 20. Nb1 Nb2 21. a3 Nc4 22. Nfd2 Nb2 23. Rc2 Na4 24. e4 Nb6 25. exd5 Nxd5 26. Re1 Kf7 27. c4 a6 28. Ne4 Rc6 29. Nc5 Ne7 30. d5 Rd6 31. Re6 Nf5 32. g4 Nd4 33. Rxd6 Nxc2 34. Rd7+ Kg8 35. Ne6 Re8 36. Rxg7+ Kh8 37. Rxg6 1-0

[Event "Mumbai Transganization op"]
[Site "Mumbai"]
[Date "2024.01.25"]
[Round "2"]
[White "Sardana, Vivaan"]
[Black "Kulkarni, Vikramaditya"]
[Result "0-1"]
[WhiteElo "1377"]
[BlackElo "2193"]
[PlyCount "114"]
[EventDate "2024.01.25"]
[EventType "swiss"]
[EventRounds "8"]
[EventCountry "IND"]
[SourceTitle "CB06_2024"]
[SourceDate "2024.02.07"]
[SourceVersion "1"]
[SourceVersionDate "2024.02.07"]
[SourceQuality "1"]

1. e4 c5 2. Nf3 e6 3. d4 cxd4 4. Nxd4 Nf6 5. Nc3 Bb4 6. e5 Nd5 7. Bd2 Nxc3 8. bxc3 Be7 9. Qg4 Kf8 10. Bd3 d6 11. f4 Nd7 12. exd6 Bxd6 13. 0-0 Nc5 14. Qe2 Bd7 15. Kh1 h5 16. Bc4 Rc8 17. f5 e5 18. Ne6+ Bxe6 19. fxe6 f6 20. Rad1 Ke7 21. Qf3 Nxe6 22. Bxe6 Kxe6 23. Qxb7 Qc7 24. Qf3 Qc4 25. Rb1 Qd5 26. Qf5+ Ke7 27. Qd3 Qxd3 28. cxd3 Rhd8 29. Rb7+ Rc7 30. Rfb1 Rdd7 31. Rxc7 Bxc7 32. d4 exd4 33. cxd4 Bb6 34. h3 Bxd4 35. Bb4+ Ke6 36. Rd1 h4 37. Be1 g5 38. g3 hxg3 39. Bxg3 f5 40. Kg2 Bc3 41. Rxd7 Kxd7 42. h4 g4 43. Bb8 a6 44. Kf2 Ke6 45. Bf4 Be5 46. Bh6 f4 47. h5 Kf5 48. Bf8 Bd4+ 49. Kg2 f3+ 50. Kg3 Be5+ 51. Kf2 Ke4 52. Bc5 g3+ 53. Kf1 Bf4 54. Ke1 Be3 55. Bd6 g2 56. Bh2 f2+ 57. Ke2 f1Q# 0-1

[Event "Bijnor op"]
[Site "Bijnor"]
[Date "2023.12.01"]
[Round "4"]
[White "Sumit, Kumar2"]
[Black "Kulkarni, Vikramaditya"]
[Result "0-1"]
[WhiteElo "1334"]
[BlackElo "2209"]
[PlyCount "38"]
[EventDate "2023.11.30"]
[EventType "swiss"]
[EventRounds "7"]
[EventCountry "IND"]
[SourceTitle "CB50_2023"]
[SourceDate "2023.12.13"]
[SourceVersion "1"]
[SourceVersionDate "2023.12.13"]
[SourceQuality "1"]

1. d4 Nf6 2. c4 e6 3. Nf3 b6 4. a3 Ba6 5. Nbd2 c5 6. e3 Be7 7. Bd3 0-0 8. 0-0 Nc6 9. Qc2 cxd4 10. exd4 d5 11. b3 dxc4 12. Bxc4 Bxc4 13. Qxc4 Rc8 14. Qa4 Qd5 15. Bb2 b5 16. Qa6 Nb8 17. Qa5 Bd8 18. Qxa7 Nfd7 19. Nc4 bxc4 0-1

[Event "Maharashtra op 2nd"]
[Site "Nagpur"]
[Date "2023.06.07"]
[Round "9"]
[White "Mirzoev, Azer"]
[Black "Kulkarni, Vikramaditya"]
[Result "1-0"]
[WhiteElo "2416"]
[BlackElo "2237"]
[PlyCount "33"]
[EventDate "2023.06.01"]
[EventType "swiss"]
[EventRounds "11"]
[EventCountry "IND"]
[SourceTitle "CBM 214 Extra"]
[Source "ChessBase"]
[SourceDate "2023.07.31"]
[SourceVersion "1"]
[SourceVersionDate "2023.07.31"]
[SourceQuality "1"]

1. d4 Nf6 2. Nf3 d5 3. c4 c6 4. Qc2 Bg4 5. Ne5 Be6 6. cxd5 cxd5 7. Nc3 g6 8. e3 a6 9. Qb3 Ra7 10. Bd2 Bg7 11. Be2 0-0 12. f4 Nbd7 13. Rc1 Nb6 14. 0-0 Ne8 15. Na4 Na8 16. Bf3 f6 17. Nc5 1-0

[Event "Mumbai Wealth op 7th"]
[Site "Mumbai"]
[Date "2022.12.28"]
[Round "4"]
[White "Reyan, Md"]
[Black "Kulkarni, Vikramaditya"]
[Result "1/2-1/2"]
[WhiteElo "1549"]
[BlackElo "2279"]
[PlyCount "208"]
[EventDate "2022.12.26"]
[EventType "swiss"]
[EventRounds "9"]
[EventCountry "IND"]
[SourceTitle "EXT 2024"]
[Source "ChessBase"]
[SourceDate "2023.10.10"]
[SourceVersion "1"]
[SourceVersionDate "2023.10.10"]
[SourceQuality "1"]

1. e4 d6 2. d4 Nf6 3. Nc3 e5 4. Nge2 c6 5. f3 b5 6. Be3 Nbd7 7. Qd2 Qa5 8. h4 h5 9. Ng3 g6 10. d5 b4 11. dxc6 bxc3 12. cxd7+ Bxd7 13. Qxc3 Qxc3+ 14. bxc3 Be7 15. Bg5 Rb8 16. Kd2 Be6 17. Bd3 Nd7 18. Bxe7 Kxe7 19. Rhb1 f6 20. Nf1 f5 21. Ne3 f4 22. Nd1 Rhg8 23. Nf2 Rb6 24. Rxb6 axb6 25. Nd1 Nc5 26. Nb2 g5 27. hxg5 Nxd3 28. Nxd3 Rxg5 29. Ne1 Bc4 30. a4 Kd7 31. a5 bxa5 32. Rxa5 Bf1 33. Ra7+ Ke6 34. Rh7 Bxg2 35. Ke2 Kf6 36. Rd7 h4 37. Rxd6+ Kg7 38. Rd7+ Kg6 39. Rd6+ Kg7 40. Rd7+ Kh6 41. Rd6+ Kh5 42. Rd8 h3 43. Rh8+ Kg6 44. Kf2 Kg7 45. Rh4 Kf6 46. Rh6+ Kg7 47. Rh4 Kf6 48. Rh6+ Kg7 49. Rh4 Rg6 50. Rh5 Kf6 51. Nd3 Rg3 52. Ne1 Rg8 53. Nd3 Rg3 54. Ne1 Ke6 55. Rh6+ Kd7 56. Rh7+ Kc6 57. Rh6+ Kb5 58. Rh8 Bh1 59. Rh7 Bg2 60. Rh8 Kb6 61. Rh7 Kc6 62. Rh6+ Kb5 63. Rh8 Kb6 64. Rh6+ Kb7 65. Rh7+ Kc6 66. Rh6+ Kd7 67. Rh7+ Kd6 68. Rh6+ Ke7 69. Rh7+ Ke6 70. Rh6+ Ke7 71. Rh7+ Kf6 72. Rh8 Rg7 73. Nd3 Rc7 74. Ne1 Rxc3 75. Kg1 Re3 76. Nxg2 hxg2 77. Kxg2 Re2+ 78. Kf1 Rxc2 79. Rh6+ Kg5 80. Rh8 Ra2 81. Rh7 Ra8 82. Kg2 Kg6 83. Re7 Kf6 84. Rh7 Ra2+ 85. Kf1 Kg6 86. Rh8 Rd2 87. Ke1 Rb2 88. Kf1 Kg5 89. Rh7 Rb6 90. Kg2 Ra6 91. Rh8 Ra2+ 92. Kf1 Rc2 93. Rh7 Kg6 94. Rh8 Kg7 95. Rh5 Kf6 96. Rh6+ Ke7 97. Ke1 Kd7 98. Rg6 Rh2 99. Kf1 Ke7 100. Ke1 Kf7 101. Ra6 Rc2 102. Kf1 Ke7 103. Ke1 Kd7 104. Rg6 Rc6 1/2-1/2

[Event "Titled Tuesday intern op 13th Dec Early"]
[Site "Chess.com INT"]
[Date "2022.12.13"]
[Round "9"]
[White "Kulkarni, Vikramaditya"]
[Black "Osiecki, Stanislaw"]
[Result "1-0"]
[WhiteElo "2279"]
[BlackElo "2055"]
[PlyCount "59"]
[EventDate "2022.12.13"]
[EventType "swiss (blitz)"]
[EventRounds "11"]
[EventCountry "USA"]
[SourceTitle "EXT 2024"]
[Source "ChessBase"]
[SourceDate "2023.10.10"]
[SourceVersion "1"]
[SourceVersionDate "2023.10.10"]
[SourceQuality "1"]

1. c4 Nf6 2. Nc3 g6 3. e4 d6 4. d4 Bg7 5. Nf3 0-0 6. h3 e5 7. dxe5 dxe5 8. Qxd8 Rxd8 9. Nd5 Nxd5 10. cxd5 c6 11. Bc4 b5 12. Bb3 Bb7 13. Bg5 Re8 14. Rc1 cxd5 15. Rc7 Bc6 16. exd5 Bd7 17. 0-0 e4 18. Re1 f5 19. d6+ Kh8 20. Bd5 Na6 21. Rxd7 exf3 22. Bxa8 Rxe1+ 23. Kh2 h6 24. Rxg7 Kxg7 25. d7 Rd1 26. d8Q Rxd8 27. Bxd8 Nb4 28. Bxf3 Nxa2 29. Ba5 Kf6 30. Bd2 1-0

[Event "Titled Tuesday intern op 22nd Nov Early"]
[Site "Chess.com INT"]
[Date "2022.11.22"]
[Round "3"]
[White "Kulkarni, Vikramaditya"]
[Black "Piesik, Piotr"]
[Result "1/2-1/2"]
[WhiteElo "2310"]
[BlackElo "2416"]
[PlyCount "136"]
[EventDate "2022.11.22"]
[EventType "swiss (blitz)"]
[EventRounds "11"]
[EventCountry "USA"]
[SourceTitle "CBM 211 Extra"]
[Source "ChessBase"]
[SourceDate "2023.01.31"]
[SourceVersion "1"]
[SourceVersionDate "2023.01.31"]
[SourceQuality "1"]

1. e4 g6 2. d4 Bg7 3. Nf3 c6 4. c3 d6 5. h3 Nf6 6. Bd3 0-0 7. 0-0 Nbd7 8. Re1 e5 9. Bg5 Re8 10. dxe5 dxe5 11. Bc4 Qe7 12. a4 a5 13. Nbd2 Nc5 14. Bh4 Qc7 15. Qe2 Nh5 16. Ng5 Ne6 17. Nxe6 Bxe6 18. Bxe6 Rxe6 19. Qe3 Bf8 20. Kh2 Be7 21. Bg3 Nxg3 22. fxg3 Rd8 23. Nc4 Rd7 24. Rad1 Bd8 25. Rf1 h5 26. Qc5 Rxd1 27. Rxd1 b6 28. Qf2 b5 29. Na3 bxa4 30. Nc4 Be7 31. Qb6 Qxb6 32. Nxb6 a3 33. bxa3 Bxa3 34. Nc4 Be7 35. Nxa5 Kg7 36. Rd7 Kf6 37. Kg1 Bc5+ 38. Kf1 Kg7 39. Rd3 f5 40. Rd7+ Kf6 41. Nb3 Bb6 42. Rb7 Be3 43. Ke2 f4 44. Na5 Bg1 45. Kf1 Bc5 46. Nb3 Be3 47. Ke2 Rd6 48. Rc7 Bb6 49. Rb7 Bg1 50. gxf4 exf4 51. Rb4 g5 52. Nd2 Be3 53. e5+ Kxe5 54. Nc4+ Kd5 55. Nxd6 Kxd6 56. Kf3 Ke5 57. Re4+ Kf5 58. g4+ hxg4+ 59. hxg4+ Kf6 60. Re8 Bd2 61. c4 Be3 62. Ke4 c5 63. Re5 Bd4 64. Rf5+ Kg6 65. Kd5 Be3 66. Ke4 Bd4 67. Rf8 Be3 68. Rf5 Bd4 1/2-1/2

[Event "Titled Tuesday intern op 22nd Nov Early"]
[Site "Chess.com INT"]
[Date "2022.11.22"]
[Round "6"]
[White "Kulkarni, Vikramaditya"]
[Black "Weetik, Vjacheslav"]
[Result "0-1"]
[WhiteElo "2310"]
[BlackElo "2423"]
[PlyCount "64"]
[EventDate "2022.11.22"]
[EventType "swiss (blitz)"]
[EventRounds "11"]
[EventCountry "USA"]
[SourceTitle "CBM 211 Extra"]
[Source "ChessBase"]
[SourceDate "2023.01.31"]
[SourceVersion "1"]
[SourceVersionDate "2023.01.31"]
[SourceQuality "1"]

1. e4 c6 2. Nf3 d5 3. d3 Bg4 4. Be2 e6 5. 0-0 Nf6 6. h3 Bh5 7. Nc3 Be7 8. Bf4 a5 9. Bg3 Na6 10. Re1 0-0 11. Nh2 Bg6 12. Ng4 dxe4 13. dxe4 Nc5 14. Qxd8 Rfxd8 15. f3 Nxg4 16. hxg4 Bf6 17. Red1 Bd4+ 18. Kf1 e5 19. Bc4 b5 20. Bd3 f6 21. Ne2 Bxb2 22. Rab1 Ba3 23. Bf2 Bf7 24. Nc3 Nxd3 25. cxd3 b4 26. Na4 Bxa2 27. Ra1 Bb3 28. Nc5 Bxd1 29. Rxd1 a4 30. Rb1 b3 31. Ke2 Bxc5 32. Bxc5 a3 0-1

[Event "Pune Maharashtra op 1st"]
[Site "Pune"]
[Date "2022.06.01"]
[Round "2"]
[White "Kulkarni, Vikramaditya"]
[Black "Aditya, Mittal"]
[Result "1/2-1/2"]
[WhiteElo "2311"]
[BlackElo "2490"]
[PlyCount "125"]
[EventDate "2022.05.31"]
[EventType "swiss"]
[EventRounds "11"]
[EventCountry "IND"]
[SourceTitle "CBM 208 Extra"]
[Source "ChessBase"]
[SourceDate "2022.07.31"]
[SourceVersion "1"]
[SourceVersionDate "2022.07.31"]
[SourceQuality "1"]

1. e4 c5 2. Nf3 d6 3. d4 cxd4 4. Nxd4 Nf6 5. f3 e5 6. Nb3 d5 7. Bg5 d4 8. c3 Nc6 9. Bb5 h6 10. Bh4 Qb6 11. Qe2 Be6 12. Bf2 a6 13. Bc4 Rd8 14. N1d2 Qc7 15. 0-0 Bxc4 16. Nxc4 b5 17. Ncd2 dxc3 18. bxc3 Ba3 19. c4 Qb8 20. Nb1 Bb4 21. a3 Be7 22. Nc3 bxc4 23. Qxc4 0-0 24. Rab1 Qc8 25. Bh4 Nh5 26. Bg3 Nxg3 27. hxg3 Nd4 28. Qxc8 Rxc8 29. Nd5 Bxa3 30. Nxd4 Bc5 31. Kh2 exd4 32. Rfc1 a5 33. Rb5 Bb4 34. Rxc8 Rxc8 35. Nxb4 axb4 36. Rxb4 Rd8 37. Kg1 d3 38. Rb1 d2 39. Rd1 h5 40. Kf2 Rd6 41. Ke3 Rg6 42. Kf2 Rd6 43. Ke3 Rg6 44. Kf4 Rd6 45. e5 Rd8 46. Ke3 Re8 47. Kf4 f6 48. exf6 Re2 49. fxg7 Rxg2 50. Ke3 Kxg7 51. Rxd2 Rxg3 52. Kf4 Rg1 53. Rd5 h4 54. Rh5 Ra1 55. Kg4 Kg6 56. Rxh4 Ra4+ 57. f4 Ra5 58. Rh8 Rb5 59. Rg8+ Kf6 60. Ra8 Kg6 61. Ra6+ Kf7 62. Rd6 Ra5 63. Rb6 1/2-1/2

[Event "Mumbai Wealth op 6th"]
[Site "Mumbai"]
[Date "2022.01.02"]
[Round "4"]
[White "Kulkarni, Vikramaditya"]
[Black "Rajveer, Pinkesh Nahar"]
[Result "1-0"]
[WhiteElo "2327"]
[BlackElo "1603"]
[PlyCount "71"]
[EventDate "2021.12.30"]
[EventType "swiss"]
[EventRounds "9"]
[EventCountry "IND"]
[SourceTitle "EXT 2023"]
[Source "ChessBase"]
[SourceDate "2022.10.05"]
[SourceVersion "1"]
[SourceVersionDate "2022.10.05"]
[SourceQuality "1"]

1. c4 Nf6 2. Nc3 g6 3. e4 d6 4. d4 Bg7 5. Nf3 0-0 6. Be2 e5 7. dxe5 dxe5 8. Qxd8 Rxd8 9. Nd5 Nxd5 10. cxd5 c6 11. Bc4 h6 12. Bd2 c5 13. 0-0 b6 14. Bc3 Nd7 15. Bb5 f6 16. Nd2 a6 17. Bc6 Rb8 18. Nc4 g5 19. Nd6 Nf8 20. Nxc8 Rdxc8 21. b4 Ng6 22. bxc5 Nf4 23. Bb4 Nd3 24. Bd7 Rxc5 25. Bxc5 Nxc5 26. Bf5 Bf8 27. h4 Bd6 28. Rfc1 Kf7 29. Rc3 Ke7 30. Kf1 Kd8 31. hxg5 fxg5 32. Rh3 Bf8 33. d6 Nb7 34. Rd1 Nxd6 35. Rxh6 Ke8 36. Rhxd6 1-0

[Event "Kolhapur Kulkarni Memorial"]
[Site "Kolhapur"]
[Date "2021.12.06"]
[Round "5"]
[White "Soni Deepak, R."]
[Black "Kulkarni, Vikramaditya"]
[Result "0-1"]
[WhiteElo "1480"]
[BlackElo "2327"]
[PlyCount "98"]
[EventDate "2021.12.04"]
[EventType "swiss"]
[EventRounds "10"]
[EventCountry "IND"]
[SourceTitle "EXT 2023"]
[Source "ChessBase"]
[SourceDate "2022.10.05"]
[SourceVersion "1"]
[SourceVersionDate "2022.10.05"]
[SourceQuality "1"]

1. d4 d6 2. Bf4 g6 3. e3 Bg7 4. Nf3 Nc6 5. Be2 e5 6. dxe5 dxe5 7. Qxd8+ Kxd8 8. Bg5+ f6 9. Bh4 Nge7 10. Nc3 Nf5 11. 0-0-0+ Bd7 12. Rd2 Kc8 13. Ne4 Nxh4 14. Nxh4 f5 15. Nc5 Be8 16. Bc4 Bf6 17. g3 a5 18. Rhd1 e4 19. Be6+ Kb8 20. Ng2 Ne5 21. Nf4 Be7 22. Nd7+ Bxd7 23. Bxd7 Nf3 24. Re2 Bd6 25. h4 Rd8 26. Bb5 a4 27. Ne6 Rh8 28. Ng5 Ne5 29. Rd4 a3 30. Bc4 axb2+ 31. Kb1 Bc5 32. Rd5 Nxc4 33. Rxc5 Ra4 34. Ne6 Rb4 35. Rxc4 Rxc4 36. Kxb2 Rc6 37. Nd4 Rb6+ 38. Kc3 Rd8 39. Re1 Rd5 40. Nb3 Rc6+ 41. Kb2 Rcd6 42. Re2 Rd1 43. Nd4 c5 44. Nb3 b5 45. f3 exf3 46. Rf2 R6d5 47. Rxf3 Re5 48. c3 Re1 49. Rf4 R1xe3 0-1

[Event "Bhopal Masters"]
[Site "Bhopal"]
[Date "2021.11.25"]
[Round "7"]
[White "Sharma, Dinesh Kumar"]
[Black "Kulkarni, Vikramaditya"]
[Result "1-0"]
[WhiteElo "2288"]
[BlackElo "2355"]
[PlyCount "146"]
[EventDate "2021.11.22"]
[EventType "tourn"]
[EventRounds "7"]
[EventCountry "IND"]
[SourceTitle "CBM 205 Extra"]
[Source "ChessBase"]
[SourceDate "2022.01.31"]
[SourceVersion "1"]
[SourceVersionDate "2022.01.31"]
[SourceQuality "1"]

1. e4 e6 2. d4 d5 3. Bd3 c5 4. exd5 exd5 5. Nf3 c4 6. Be2 b5 7. 0-0 Nf6 8. Ne5 a6 9. Bf3 Ra7 10. Re1 Be7 11. b3 0-0 12. a4 cxb3 13. axb5 bxc2 14. Qxc2 Rc7 15. Qd3 axb5 16. Qxb5 Bf5 17. Bf4 Qc8 18. Nd2 Rb7 19. Qa4 Bb4 20. Rac1 Qd8 21. Red1 Qb6 22. Nf1 Ra7 23. Qb3 Ra3 24. Qb2 Qa5 25. Ra1 Be4 26. Ne3 Rxa1 27. Rxa1 Bc3 28. Rxa5 Bxb2 29. Bxe4 dxe4 30. Nf5 Rd8 31. h3 h6 32. Rb5 Ba1 33. Rb1 Nd5 34. Bxh6 Bxd4 35. Nxd4 gxh6 36. Nf5 f6 37. Nc4 Nc6 38. Rb7 Nf4 39. Ncd6 Ne5 40. Nxe4 Rd1+ 41. Kh2 Nd5 42. Nxh6+ Kf8 43. Nf5 Re1 44. Ned6 Kg8 45. Rg7+ Kf8 46. Ra7 Kg8 47. Kg3 Rb1 48. Ne4 Rb3+ 49. Kh2 Rb4 50. f3 Rb2 51. Kg3 Kf8 52. Ra5 Nb6 53. Nxf6 Nd3 54. Ne4 Ne1 55. Nh4 Kf7 56. Ra7+ Ke6 57. Ra1 Nc2 58. Ra6 Ke5 59. Nc3 Nc4 60. Ra2 Rxa2 61. Nxa2 Kd4 62. Nc1 Ke3 63. Nf5+ Kd2 64. Nb3+ Ke1 65. Nbd4 Nb4 66. h4 Nd5 67. h5 Nf6 68. Kh4 Kf2 69. g4 Ne5 70. g5 Nd5 71. g6 Nf6 72. Kg5 Ng8 73. h6 Nf6 1-0

[Event "Bhopal Masters"]
[Site "Bhopal"]
[Date "2021.11.23"]
[Round "3"]
[White "Gaikwad, Siddhant"]
[Black "Kulkarni, Vikramaditya"]
[Result "1-0"]
[WhiteElo "2033"]
[BlackElo "2355"]
[PlyCount "73"]
[EventDate "2021.11.22"]
[EventType "tourn"]
[EventRounds "7"]
[EventCountry "IND"]
[SourceTitle "CBM 205 Extra"]
[Source "ChessBase"]
[SourceDate "2022.01.31"]
[SourceVersion "1"]
[SourceVersionDate "2022.01.31"]
[SourceQuality "1"]

1. e4 d6 2. d4 Nf6 3. Nc3 e5 4. Nf3 Nbd7 5. Bc4 Be7 6. 0-0 c6 7. a4 0-0 8. h3 Kh8 9. Re1 Qe8 10. Ba2 a5 11. Be3 Bd8 12. Qd2 Nh5 13. Nh2 Bb6 14. Rad1 Qe7 15. Ne2 exd4 16. Bxd4 Nc5 17. Nc3 Be6 18. Nd5 cxd5 19. exd5 Qc7 20. Qg5 f6 21. Qxh5 Bf7 22. Qh4 Nxa4 23. Bxf6 Qxc2 24. Ng4 Bg8 25. Bb1 Qxd1 26. Bxg7+ Kxg7 27. Rxd1 Rae8 28. Qh6+ Kh8 29. Nf6 Nxb2 30. Nxe8 Rf7 31. Rf1 Nc4 32. Nxd6 Nxd6 33. Qxd6 Bd4 34. Qb8 a4 35. d6 Bg7 36. Re1 Rf8 37. Re8 1-0

[Event "Bhopal Masters"]
[Site "Bhopal"]
[Date "2021.11.22"]
[Round "2"]
[White "Kulkarni, Vikramaditya"]
[Black "Aishwin, Daniel"]
[Result "1-0"]
[WhiteElo "2355"]
[BlackElo "1937"]
[PlyCount "105"]
[EventDate "2021.11.22"]
[EventType "tourn"]
[EventRounds "7"]
[EventCountry "IND"]
[SourceTitle "CBM 205 Extra"]
[Source "ChessBase"]
[SourceDate "2022.01.31"]
[SourceVersion "1"]
[SourceVersionDate "2022.01.31"]
[SourceQuality "1"]

1. a3 f5 2. e4 fxe4 3. d3 Nf6 4. g4 d5 5. g5 Bg4 6. Qd2 Nfd7 7. Nc3 Ne5 8. dxe4 Bf3 9. Qf4 Bxh1 10. Qxe5 Nc6 11. Bb5 Qd7 12. Qxd5 e6 13. Qc4 a6 14. Bxc6 Qxc6 15. Qxc6+ bxc6 16. Bf4 0-0-0 17. Ke2 Bc5 18. Be3 Bd6 19. Nh3 Bg2 20. Nf4 Bxf4 21. Bxf4 Rhf8 22. Be5 Bf3+ 23. Ke3 Rf7 24. Rg1 Rdd7 25. Na4 Rd1 26. Rxd1 Bxd1 27. f4 Bxc2 28. Nc5 g6 29. Kd2 Bb1 30. Kc1 Bxe4 31. Nxe4 Rd7 32. Kc2 Rf7 33. Nc5 Re7 34. Nxa6 Kb7 35. Nc5+ Kb6 36. Bd4 Kb5 37. Kc3 Re8 38. b4 Kb6 39. Nxe6+ Kb7 40. Nc5+ Kc8 41. Be5 Rd8 42. Kc2 Rd5 43. a4 Rd8 44. Ne6 Rd7 45. Nc5 Rd5 46. h3 Rd8 47. a5 Rd5 48. a6 Kb8 49. Bxc7+ Kxc7 50. a7 Rxc5+ 51. bxc5 Kb7 52. h4 Kxa7 53. f5 1-0

[Event "Mumbai Wealth op 5th"]
[Site "Mumbai"]
[Date "2020.01.03"]
[Round "5"]
[White "Kulkarni, Vikramaditya"]
[Black "Vaibhav, Suri"]
[Result "0-1"]
[WhiteElo "2328"]
[BlackElo "2597"]
[PlyCount "48"]
[EventDate "2019.12.30"]
[EventType "swiss"]
[EventRounds "9"]
[EventCountry "IND"]
[SourceTitle "CBM 194 Extra"]
[Source "ChessBase"]
[SourceDate "2020.03.31"]
[SourceVersion "1"]
[SourceVersionDate "2020.03.31"]
[SourceQuality "1"]

1. e4 c5 2. c3 Nf6 3. e5 Nd5 4. d4 cxd4 5. Qxd4 e6 6. Nf3 Nc6 7. Qe4 f5 8. Qe2 b5 9. Qxb5 Qc7 10. g3 a5 11. Bf4 Rb8 12. Qe2 a4 13. Bc1 a3 14. bxa3 Rxb1 15. Rxb1 Nxc3 16. Qc2 Nxb1 17. Qxb1 Bb7 18. Qc2 Qa5+ 19. Bd2 Qd5 20. Bg2 Bxa3 21. Bc3 Ba6 22. Nh4 Qc5 23. Qb3 Nd4 24. Bxd4 Qc1+ 0-1